000 00915nam a2200253Ia 4500
003 OSt
005 20220923222652.0
006 a|||||r|||| 00| 0
007 ta
008 220922b |||||||| |||| 00| 0 hin d
024 _a206,973
037 _cTextual
040 _aARTS
_cARTS
_bhin
041 _2hin
_ahin
082 _aO152,6N25x, M1
100 _aलाल, लक्ष्मीनारायण
245 0 _aहिन्दी संस्कृति और सत्तावादी राजनीति
246 _aHindī sanskṛuti aur sattāvādī rājanīti
260 _aनई दिल्ली
_b सुरुचि साहित्य
_c1981
300 _a132पृ.
_ccm.
650 _aहिन्दी साहित्य
_9156264
942 _hO152,6N25x, M1
_cTEXL
_2CC
999 _c357593
_d357593